Tableau complet des médailles des Jeux Olympiques 2026 - Statistiques

Statistiques générales
  • Ce quiz a été pris 98 fois
    68 depuis la dernière actualisation
  • Le résultat moyen est 26 sur 29
Statistiques - réponses
Pays Or Argent Bronze Total % Correct
2 États Unis 12 12 9 33
100%
6 France 8 9 6 23
100%
5 Allemagne 8 10 8 26
98%
11 Canada 5 7 9 21
98%
1 Norvège 18 12 11 41
98%
3 Pays Bas 10 7 3 20
98%
12 Chine 5 4 6 15
97%
10 Japon 5 7 12 24
97%
7 Suède 8 6 4 18
97%
4 Italie 10 6 14 30
95%
8 Suisse 6 9 8 23
95%
9 Autriche 5 8 5 18
94%
19 Brésil 1 0 0 1
94%
13 Corée du Sud 3 4 3 10
94%
23 Finlande 0 1 5 6
94%
15 Royaume Uni 3 1 1 5
94%
18 Espagne 1 0 2 3
92%
14 Australie 3 2 1 6
91%
16 République Tchèque 2 2 1 5
91%
17 Slovénie 2 1 1 4
89%
29 Belgique 0 0 1 1
88%
19 Kazakhstan 1 0 0 1
88%
21 Pologne 0 3 1 4
88%
25 Danemark 0 1 0 1
86%
25 Estonie 0 1 0 1
78%
24 Lettonie 0 1 1 2
77%
22 Nouvelle Zélande 0 2 1 3
77%
28 Bulgarie 0 0 2 2
67%
25 Géorgie 0 1 0 1
55%
Aucun quiz correspondant
Distribution des résultats
% des personnes avec chaque résultat
Percentile par nombre de réponses
Votre historique - résultats
Vous n’avez pas pris ce quiz depuis la dernière actualisation